[Event "ICS rated blitz match"]
[Site "207.99.83.227"]
[Date "1999.03.18"]
[Round "?"]
[White "BlueFlame"]
[Black "Hossa"]
[Result "1-0"]
[WhiteElo "2693"]
[BlackElo "2417"]
[Annotator "Crafty v16.6"]
[PlyCount "94"]

{annotating for player Hossa using a scoring margin of +0.10 pawns. search
time limit is 12.00} 1. d4 1... Nf6 2. c4 g6 3. Nc3 Bg7 4. e4 d6 5. f3 O-O 6.
Be3 e5 ({8:+0.22} 6... e5 7. d5 Na6 8. Nh3 Bxh3 9. gxh3 Nc5 10. b4 10... Ncd7
$10) ({8:+0.40} 6... Nbd7 7. Nh3 c5 8. d5 Qb6 9. Qd2 Qb4 10. Bd3 $15) 7. d5 Na6
8. Qd2 Bd7 9. O-O-O Kh8 ({8:-0.30} 9... Kh8 10. Kb1 Kg8 11. Nge2 Qe7 12. Bh6
Bxh6 13. Qxh6 13... Nb4 $10) ({8:-0.16} 9... Rc8 10. g4 c6 11. dxc6 Rxc6 12.
Nb5 Ne8 13. Nxa7 13... Rc7 $10) 10. Nge2 Nc5 11. Ng3 Ng8 ({8:-0.50} 11... Ng8
12. h4 Na4 13. h5 Nxc3 14. Qxc3 Ba4 15. Re1 Nf6 16. hxg6 16... fxg6 $14) ({
8:-0.20} 11... Na4 12. Nxa4 Bxa4 13. Re1 Kg8 14. b3 Bd7 15. Bh6 Bxh6 16. Qxh6
$10) 12. h4 Bf6 ({7:-0.82} 12... Bf6 13. h5 Bh4 14. hxg6 fxg6 15. Qf2 Re8 16.
Bxc5 16... dxc5 $16) ({7:-0.60} 12... h5 13. Kb1 a5 14. Be2 Qe7 15. Nb5 15...
Rfc8 $14) 13. h5 g5 ({8:-1.13} 13... g5 14. h6 Re8 15. Kb1 Na4 16. Nxa4 Bxa4
17. b3 17... Bd7 $16) ({8:-0.85} 13... Rc8 14. Kb1 Na4 15. Nxa4 Bxa4 16. b3 Bh4
17. Ne2 Bd7 18. hxg6 18... fxg6 $16) 14. Bxc5 dxc5 15. d6 c6 ({8:-1.29} 15...
c6 16. Qe3 Qa5 17. h6 Qb4 18. a3 Qb3 19. Qxc5 $16) ({8:-0.73} 15... Be6 16.
dxc7 Qxc7 17. Nd5 Qd6 18. h6 Bd7 19. Qe3 Rad8 20. Nf5 Bxf5 21. exf5 $16) 16. h6
Rc8 17. Kb1 Qa5 18. Bd3 Qb4 19. Qe3 Be6 20. Be2 Bxc4 21. a3 Qb3 22. Qxc5 Bxe2
23. Ncxe2 b6 24. Qb4 Qxb4 25. axb4 Ra8 26. Nf5 Rfc8 27. Rc1 a5 28. bxa5 Rxa5
29. Rc4 Rca8 30. Rd1 c5 31. Kc2 Bd8 32. Rd5 Ra1 33. Kb3 Bf6 34. Neg3 R8a5 35.
Rc2 Rg1 36. Kc4 g4 37. fxg4 Ra4+ 38. Kb5 Rb4+ 39. Kc6 Rb1 40. d7 R1xb2 41. d8=B
Bg5 42. Bxg5 Rd4 43. Rxb2 f6 44. Bd2 Rxd5 45. exd5 c4 46. Ne4 b5 47. Ned6 Nxh6
1-0

[Event "ICS rated bullet match"]
[Site "207.99.83.227"]
[Date "1999.03.18"]
[Round "?"]
[White "Hossa"]
[Black "TDChess"]
[Result "0-1"]
[WhiteElo "2388"]
[BlackElo "2599"]
[Annotator "Crafty v16.6"]
[PlyCount "84"]

{annotating for player Hossa using a scoring margin of +0.10 pawns. search
time limit is 12.00} 1. e4 1... d5 2. exd5 Qxd5 3. Nc3 Qe6+ 4. Be2 Qg6 5. Bf3
Nc6 6. Nge2 Bd7 7. Nb5 O-O-O 8. Bxc6 ({8:-1.26} 8. Bxc6 8... bxc6 9. Nxa7+ Kb7
10. O-O Kxa7 11. d3 Nf6 12. Be3+ Kb8 13. Bc5 $17) ({8:-0.69} 8. d3 8... Ne5 9.
Nec3 Nxf3+ 10. Qxf3 a6 11. Nd4 e5 12. Nb3 12... Nf6 $15) 8... bxc6 9. Nxa7+ Kb7
10. O-O Kxa7 11. d3 e5 12. Be3+ Kb7 13. a3 ({8:-1.67} 13. a3 13... Nf6 14. Re1
Qg4 15. Qd2 Nd5 16. c4 Nxe3 17. Qxe3 $19) ({8:-1.50} 13. a4 13... Bb4 14. a5
Ka6 15. Bd2 Bh3 16. Ng3 16... Bg4 $17) 13... Nf6 14. Qc1 Nd5 15. Bg5 Ra8 16.
Re1 f5 17. Bd2 f4 18. Kh1 Bc5 19. f3 Ne3 20. Bxe3 Bxe3 21. Qd1 Bf5 22. Nc3 h5
23. Re2 h4 24. Qe1 Bd4 25. Na2 h3 26. gxh3 Qh5 27. Qb4+ Kc8 28. Rf1 Bxh3 29.
Qe1 Bxf1 30. Qxf1 Bxb2 31. c3 Bxa3 32. Rg2 Bc5 33. Qe2 g6 34. Qe4 Qh3 35. Qe2
Qf5 36. Nc1 Ra1 37. Qe1 Be3 38. Rc2 Qh3 39. Qd1 Rxc1 40. Qxc1 Qxf3+ 41. Rg2
Rxh2+ 42. Kxh2 Qh5# 0-1

[Event "ICS rated standard match"]
[Site "207.99.83.227"]
[Date "1999.03.18"]
[Round "?"]
[White "drstrangemove"]
[Black "Hossa"]
[Result "0-1"]
[WhiteElo "2039"]
[BlackElo "2186"]
[PlyCount "32"]

1. e4 d6 2. d4 Nf6 3. Nc3 Nbd7 4. f4 e6 5. Nf3 Be7 6. h3 Nh5 7. Ne2 O-O 8. Be3
c5 9. Qd3 cxd4 10. Bxd4 Qa5+ 11. Bc3 Qa4 12. g4 Nc5 13. Qe3 Nf6 14. e5 Nd5 15.
Qd4 Qxc2 16. exd6 16... Nd3+ {drstrangemove resigns} 0-1

[Event "ICS Rated blitz match"]
[Site "207.99.83.227"]
[Date "1999.03.18"]
[Round "?"]
[White "Hossa"]
[Black "BlueFlame"]
[Result "0-1"]
[WhiteElo "2412"]
[BlackElo "2698"]
[Annotator "Crafty v16.6"]
[PlyCount "172"]

{annotating for player Hossa using a scoring margin of +0.10 pawns. search
time limit is 12.00} 1. e4 1... c5 2. Bc4 e6 3. Nc3 Nc6 4. Nf3 a6 5. d4 cxd4 6.
Nxd4 Nge7 7. Nxc6 ({9:+0.27} 7. Nxc6 7... Nxc6 8. O-O Bb4 9. Qh5 Qa5 10. Qh3
Qc5 11. Qd3 11... O-O $10) ({9:+0.79} 7. O-O 7... Nxd4 8. Qxd4 Nc6 9. Qd1 Bb4
10. Qh5 Bxc3 11. bxc3 O-O 12. Bg5 $16) 7... Nxc6 8. O-O Bb4 9. Ne2 ({8:+0.11} 
9. Ne2 9... Qh4 10. c3 Bc5 11. Nf4 O-O 12. Qh5 Qxh5 13. Nxh5 $10) ({8:+0.26} 9.
Bd2 9... O-O 10. Qh5 Qf6 11. Be2 Qd4 12. Be3 12... Qe5 $10) 9... O-O 10. a3 Bc5
11. Bf4 b5 12. Ba2 Qf6 13. b4 Bd4 14. Rb1 Be5 15. Bxe5 Qxe5 16. Qd3 f5 17. exf5
Qxf5 18. Qxf5 Rxf5 19. Rfd1 a5 20. Ra1 Kf7 21. Ng3 Rf4 22. c3 axb4 23. axb4 d5
24. Re1 Ra3 25. Ne2 Rf5 26. f4 Bb7 27. h4 Kf8 28. g3 Rf6 29. Kh2 Kg8 30. Kh3
Bc8 31. Kg2 Rf7 32. Red1 Rfa7 33. Rd2 Ne7 34. g4 R7a4 35. h5 Kf7 36. Kf2 Bb7
37. Rc2 Nc8 38. Nd4 Nd6 39. Ke1 Ra8 40. Ke2 Re8 41. Kd3 Raa8 42. Re1 Re7 43.
Rce2 Rae8 44. Bb3 h6 45. Re5 Bc8 46. R1e2 Kf6 47. Kc2 Nf7 48. R5e3 Bd7 49. Rg3
Nd6 50. g5+ hxg5 51. fxg5+ Kf7 52. Re5 Rh8 53. Rge3 Ne4 54. Rf3+ Ke8 55. Rh3
Kf7 56. h6 Ree8 57. Rf3+ Kg6 58. hxg7 Kxg7 59. Ne2 Rh2 60. Re3 Nd6 61. Rg3 Rf8
62. Kd3 Nf7 63. Ree3 Rh5 64. g6 Ne5+ 65. Kd2 Rf6 66. Kc2 Rxg6 67. Ba2 Rxg3 68.
Rxg3+ Kf6 69. Rg1 Rg5 70. Rh1 Be8 71. Nd4 Rg2+ 72. Kb3 Nc4 73. Nc2 d4 74. Rd1
Bg6 75. Rf1+ Ke7 76. Rc1 d3 77. Bb1 Nd2+ 78. Kb2 Nxb1 79. Kxb1 Rxc2 80. Rxc2 d2
81. Kb2 d1=Q 82. Rf2 Qb1+ 83. Ka3 Bc2 84. Rxc2 Qxc2 85. c4 bxc4 86. b5 Qb3# 0-1

[Event "ICS rated bullet match"]
[Site "207.99.83.227"]
[Date "1999.03.18"]
[Round "?"]
[White "JSBach"]
[Black "Hossa"]
[Result "0-1"]
[WhiteElo "2080"]
[BlackElo "2381"]
[PlyCount "82"]

1. Nc3 d5 2. d4 Nf6 3. Bf4 Bf5 4. Nb5 Na6 5. Nf3 c6 6. Nc3 Qb6 7. b3 Nb4 8. Rc1
Qa5 9. Bd2 Nxa2 10. Ne4 Qb6 11. Nxf6+ exf6 12. Ra1 Nb4 13. Rc1 O-O-O 14. c3 Na6
15. Ra1 Bd6 16. e3 Nc7 17. Be2 Rhe8 18. O-O Be4 19. Qe1 Rd7 20. Qc1 Kb8 21. Qb2
Ne6 22. Rfd1 Bxf3 23. Bxf3 Qc7 24. Qa2 Bxh2+ 25. Kh1 a6 26. Qc2 Ng5 27. Bg4 Ne4
28. Be1 Rde7 29. g3 Bxg3 30. fxg3 Nxg3+ 31. Kg1 h5 32. Qh2 Rxe3 33. Bxh5 Rh8
34. Bxg3 Rxg3+ 35. Kh1 Rg5 36. Rd3 Rgxh5 37. Qxh5 Rxh5+ 38. Kg1 Qh2+ 39. Kf1
Rg5 40. Rg3 Rxg3 41. Rc1 41... Rg1# {JSBach checkmated} 0-1

[Event "ICS rated blitz match"]
[Site "207.99.83.227"]
[Date "1999.03.18"]
[Round "?"]
[White "Hossa"]
[Black "Box"]
[Result "0-1"]
[WhiteElo "2407"]
[BlackElo "2892"]
[Annotator "Crafty v16.6"]
[PlyCount "56"]

{annotating for player Hossa using a scoring margin of +0.10 pawns. search
time limit is 12.00} 1. e4 1... e5 2. Nf3 Nc6 3. Bc4 Bc5 4. c3 ({8:-0.27} 4. c3
4... Nf6 5. d4 exd4 6. e5 Ne4 7. cxd4 7... Na5 $10) ({8:+0.02} 4. d4 4... exd4
5. Ng5 d5 6. Bxd5 Nh6 7. O-O 7... O-O $10) 4... Nf6 5. d4 exd4 6. e5 Ne4 7. Qe2
d5 8. exd6 O-O 9. dxc7 Qd7 10. cxd4 ({7:+0.23} 10. cxd4 10... Bb4+ 11. Kf1 Re8
12. d5 Ng3+ 13. hxg3 Rxe2 14. Kxe2 $10) ({7:+0.50} 10. O-O 10... Nd6 11. Qd3
Qxc7 12. cxd4 Bf5 13. Qd1 Nxc4 14. dxc5 $14) 10... Bb4+ 11. Kf1 Re8 12. Be3
Qxc7 13. a3 Ba5 14. d5 Ne5 15. Nxe5 ({8:-0.01} 15. Nxe5 15... Qxe5 16. Bb5 Re7
17. f3 Nf6 18. Bg5 Qd6 19. Qd3 $10) ({8:+0.19} 15. Bb5 15... Bd7 16. Nxe5 Rxe5
17. Bd3 Nc5 18. Bc4 b5 19. Bxb5 Rxd5 20. Bxd7 20... Rxd7 $10) 15... Qxe5 16.
Ra2 Qf5 17. Bd3 Qxd5 18. Ra1 Bf5 19. Bc4 Qe5 20. Bb5 Red8 21. Kg1 Rac8 22. f4
Rc1+ 23. Qf1 Qxf4 24. Bxa7 Rxf1+ 25. Bxf1 Rd1 26. Nd2 Bxd2 27. Rxd1 Qe3+ 28.
Bxe3 Bxe3# 0-1

[Event "ICS rated bullet match"]
[Site "207.99.83.227"]
[Date "1999.03.18"]
[Round "?"]
[White "Hossa"]
[Black "Halo"]
[Result "1-0"]
[WhiteElo "2386"]
[BlackElo "2142"]
[PlyCount "101"]

1. e4 e6 2. d4 d5 3. Nc3 Bb4 4. exd5 c5 5. dxe6 Bxe6 6. Bb5+ Nd7 7. d5 Bf5 8.
Nge2 Ngf6 9. O-O a6 10. Bxd7+ Qxd7 11. Bg5 Qd6 12. Bf4 Qd7 13. Be5 O-O 14. Bxf6
gxf6 15. a3 Bxc3 16. Nxc3 Bg6 17. Rc1 b6 18. Qf3 Rad8 19. Qxf6 Qd6 20. Qxd6
Rxd6 21. f3 Rfd8 22. Ne4 Bxe4 23. fxe4 Kg7 24. Rce1 Rg6 25. Rf4 Rg5 26. Ref1
Rd7 27. Rf6 Re5 28. Rxb6 Rxe4 29. Rxa6 Rxd5 30. Ra7 Rd2 31. Rfxf7+ Kg6 32. Rg7+
Kh6 33. Rxh7+ Kg6 34. Rag7+ Kf6 35. Rf7+ Kg6 36. Rhg7+ Kh6 37. Re7 Rd1+ 38. Kf2
Rf4+ 39. Ke2 Rd5 40. Rh7+ Kg6 41. Reg7+ Kf5 42. Rh5+ Ke4 43. Re7+ Kd4 44. c3+
Kc4 45. b3+ Kxb3 46. Rxd5 Re4+ 47. Rxe4 Kxc3 48. Rxc5+ Kb3 49. Kd3 Kxa3 50. Rb5
Ka2 51. Ra4# {Halo checkmated} 1-0

[Event "ICS rated blitz match"]
[Site "207.99.83.227"]
[Date "1999.03.18"]
[Round "?"]
[White "JudgeTurpin"]
[Black "Hossa"]
[Result "1-0"]
[WhiteElo "2463"]
[BlackElo "2405"]
[Annotator "Crafty v16.6"]
[PlyCount "56"]

{annotating for player Hossa using a scoring margin of +0.10 pawns. search
time limit is 12.00} 1. d4 1... Nf6 2. c4 g6 3. Nc3 Bg7 4. e4 d6 5. f4 O-O 6.
Nf3 c5 7. d5 e6 8. dxe6 fxe6 ({9:-0.09} 8... fxe6 9. Be2 Nc6 10. Be3 Ng4 11.
Bd2 Bxc3 12. bxc3 Bd7 13. Ng5 $10) ({9:+0.31} 8... Bxe6 9. Be2 Nc6 10. Ng5 Bc8
11. Be3 h6 12. Nh3 $15) 9. Bd3 Nh5 10. Ne2 Qa5+ 11. Bd2 Qb6 12. O-O Qxb2 13. e5
dxe5 14. fxe5 Nc6 15. Bc3 Qa3 ({8:+0.41} 15... Qa3 16. Qd2 Nb4 17. Be4 Qa6 18.
Bxb4 cxb4 19. Qxb4 Nf4 20. Nxf4 20... Rxf4 $15) ({8:+0.62} 15... Qb6 16. Qd2
Nb4 17. Be4 Qc7 18. Qd6 Rf7 19. Rf2 $15) 16. Qd2 Rd8 17. Rad1 Bh8 18. Qc2 Ng7
19. Be4 Rxd1 20. Qxd1 Qa6 21. Qd3 Nf5 22. Ng5 Qxa2 23. Bxc6 Nd4 24. Nxd4 Bd7
25. Bxd7 Bg7 26. Ndxe6 Qb3 27. Qf3 Kh8 28. Qf7 Rg8 1-0

[Event "ICS Rated blitz match"]
[Site "207.99.83.227"]
[Date "1999.03.18"]
[Round "?"]
[White "TDChess"]
[Black "Hossa"]
[Result "1-0"]
[WhiteElo "2601"]
[BlackElo "2420"]
[Annotator "Crafty v16.6"]
[PlyCount "52"]

{annotating for player Hossa using a scoring margin of +0.10 pawns. search
time limit is 12.00} 1. Nf3 1... Nc6 2. e4 Nf6 3. e5 Ng4 4. d4 d6 5. Bb5 dxe5
6. h3 e4 7. hxg4 exf3 8. Qxf3 Bd7 9. Be3 Nxd4 10. Bxd4 Bxb5 11. Qxb7 a6 ({
8:-0.98} 11... a6 12. Nc3 Qc8 13. Qe4 Qe6 14. Qxe6 fxe6 15. Nxb5 axb5 16. Ke2
$16) ({8:-0.86} 11... Bd7 12. Qe4 Qc8 13. Rxh7 Bf5 14. Qxa8 Qxa8 15. Rxh8 15...
Bxc2 $16) 12. Nc3 Rb8 ({9:-1.20} 12... Rb8 13. Qe4 Qc8 14. Nxb5 axb5 15. O-O-O
Qb7 16. Qf5 Qxg2 17. Kb1 $16) ({9:-1.05} 12... Qc8 13. Qe4 Qe6 14. Qxe6 fxe6
15. O-O-O O-O-O 16. Kb1 Bc4 17. Ne4 $16) 13. Qe4 Bd7 ({8:-1.64} 13... Bd7 14.
O-O-O e6 15. Qd3 c5 16. Be5 Bb5 17. Qxh7 Rxh7 18. Rxd8+ Rxd8 19. Rxh7 $18) ({
8:-1.26} 13... Qc8 14. Ba7 Rb7 15. O-O-O f5 16. Qd4 fxg4 17. Bc5 $16) 14. O-O-O
Qc8 15. Ba7 Rb7 ({8:-4.49} 15... Rb7 16. Rxd7 Rxa7 17. Rhd1 f5 18. Qxf5 Ra8 19.
Qh5+ g6 20. Qe5 $18) ({8:-1.87} 15... f5 $18) 16. Rxd7 Rxa7 17. Rhd1 f6 18. Qc6
Kf7 19. Qd5+ Ke8 20. Rd8+ Qxd8 21. Qxd8+ Kf7 22. Qb8 h5 23. Qxa7 hxg4 24. Qxa6
e6 25. Nb5 c5 26. Nc7 Kg6 1-0

[Event "ICS rated bullet match"]
[Site "207.99.83.227"]
[Date "1999.03.18"]
[Round "?"]
[White "Hossa"]
[Black "Secret"]
[Result "0-1"]
[WhiteElo "2385"]
[BlackElo "2796"]
[Annotator "Crafty v16.6"]
[PlyCount "130"]

{annotating for player Hossa using a scoring margin of +0.10 pawns. search
time limit is 12.00} 1. e4 1... c5 2. Bc4 Nc6 3. Nf3 e6 4. O-O Be7 5. d3 ({
9:+0.06} 5. d3 5... Nf6 6. e5 Nd5 7. Bxd5 exd5 8. d4 cxd4 9. Nxd4 O-O 10. Bf4
$10) ({9:+0.23} 5. d4 5... cxd4 6. Nxd4 Ne5 7. Be2 Nf6 8. Nc3 O-O 9. Bf4 9...
Bd6 $10) 5... Nf6 6. e5 Nd5 7. Bxd5 exd5 8. d4 cxd4 9. Bf4 ({9:-0.63} 9. Bf4
9... Qb6 10. Qc1 O-O 11. Nbd2 Qc5 12. Nb3 Qc4 13. Qd2 $15) ({9:+0.22} 9. Nxd4
9... O-O 10. Nc3 d6 11. Nxd5 dxe5 12. Nxc6 bxc6 13. Nxe7+ Qxe7 14. Qh5 14...
Rd8 $10) 9... Qb6 10. Qc1 O-O 11. Rd1 ({8:-0.77} 11. Rd1 11... Bc5 12. Rd3 Re8
13. Na3 Qd8 14. Nb5 14... Nb4 $17) ({8:-0.61} 11. c3 11... dxc3 12. Nxc3 d4 13.
Nd5 Qc5 14. Nxe7+ Qxe7 15. Bg5 Qe6 16. Qf4 $15) 11... Bc5 12. Rd3 ({8:-1.24} 
12. Rd3 12... Nb4 13. Rd2 Qg6 14. a3 Nc6 15. Qe1 15... Qe4 $17) ({8:-0.79} 12.
Na3 12... Re8 13. Rd3 Bb4 14. Rb1 Qc5 15. Qd1 15... Rb8 $17) 12... Nb4 13. Rd2
Qg6 14. Na3 Qe4 15. Rd1 ({8:-0.93} 15. Rd1 15... Re8 16. Qd2 Nc6 17. Re1 Bb4
18. Rxe4 18... Bxd2 $17) ({8:-0.79} 15. Bg3 15... Nc6 16. Nb5 a6 17. Nd6 Bxd6
18. exd6 Re8 19. Qf1 $17) 15... Re8 16. Ng5 Qf5 17. Nf3 Qg6 18. Qd2 Qg4 19. Nb5
Rf8 20. h3 Qf5 21. Rac1 Nxa2 22. Ra1 Nb4 23. Nbxd4 Qe4 24. Ra4 Nc6 25. Ng5 Qg6
26. Nb5 d4 27. Rc4 b6 28. Ra4 a5 29. Nf3 d6 30. Nc7 Rb8 31. Kh1 dxe5 32. Nxe5
Nxe5 33. Bxe5 Bxh3 34. f3 Qh5 35. Bh2 Bd7 36. Raa1 Bd6 37. g4 Qxh2+ 38. Qxh2
Bxh2 39. Kxh2 Rfc8 40. Na6 Ra8 41. Nb4 axb4 42. Rxa8 Rxa8 43. Rxd4 Bc6 44. Kg3
b3 45. c4 Kf8 46. Rd3 Ba4 47. Rd6 Rc8 48. Rxb6 Rxc4 49. Rb7 f5 50. gxf5 h5 51.
f4 Rd4 52. Kh4 Rxf4+ 53. Kg5 Rg4+ 54. Kxh5 Rg2 55. Ra7 Be8+ 56. Kh4 Rxb2 57.
Kh3 Rb1 58. Rb7 b2 59. Rb6 Rh1+ 60. Kg3 b1=Q 61. Ra6 Qd3+ 62. Kg2 Qh3+ 63. Kf2
Rf1+ 64. Ke2 Bb5+ 65. Kd2 Qd3# 0-1

[Event "ICS Rated blitz match"]
[Site "207.99.83.227"]
[Date "1999.03.18"]
[Round "?"]
[White "blunite"]
[Black "Hossa"]
[Result "1/2-1/2"]
[WhiteElo "2286"]
[BlackElo "2417"]
[PlyCount "92"]

1. e4 e5 2. Nf3 Nc6 3. Bc4 Bc5 4. Nc3 Nf6 5. a3 O-O 6. d3 d6 7. O-O Bg4 8. h3
Bh5 9. g4 Bg6 10. Bg5 h6 11. Bh4 Na5 12. Ba2 h5 13. Nd5 hxg4 14. hxg4 Nc6 15.
c3 Qd7 16. Nxf6+ gxf6 17. Nh2 Kg7 18. Qd2 Rh8 19. Bg3 Rh3 20. Kg2 Rah8 21. Rh1
R8h6 22. f3 Kg8 23. Bf2 Bxf2 24. Qxf2 Nd8 25. Rag1 Qb5 26. Qe2 Qe8 27. Nf1 Rxh1
28. Rxh1 Qf8 29. Rxh6 Qxh6 30. Qe3 Qxe3 31. Nxe3 c6 32. Nf5 Bxf5 33. gxf5 a5
34. Kg3 b5 35. Kg4 Kf8 36. f4 Ke8 37. d4 a4 38. fxe5 fxe5 39. Kg5 Ke7 40. f6+
Kd7 41. dxe5 dxe5 42. Kf5 Kd6 43. Bb1 Ne6 44. Ba2 Nd8 45. Bb1 Ne6 46. Ba2 46...
Nd8 {Game drawn by repetition} 1/2-1/2

[Event "ICS rated bullet match"]
[Site "207.99.83.227"]
[Date "1999.03.18"]
[Round "?"]
[White "JudgeTurpin"]
[Black "Hossa"]
[Result "1-0"]
[WhiteElo "2465"]
[BlackElo "2382"]
[Annotator "Crafty v16.6"]
[PlyCount "129"]

{annotating for player Hossa using a scoring margin of +0.10 pawns. search
time limit is 12.00} 1. d4 1... Nf6 2. c4 g6 3. Nc3 Bg7 4. Nf3 O-O ({8:-0.29} 
4... O-O 5. e4 c6 6. Be2 d5 7. e5 Ng4 8. O-O dxc4 9. Bxc4 $10) ({8:-0.18} 4...
d5 5. e3 Nc6 6. Ne5 dxc4 7. Nxc6 bxc6 8. Bxc4 8... O-O $10) 5. Bg5 d6 6. Qd2
Be6 ({8:-0.17} 6... Be6 7. e4 Nbd7 8. Bd3 Bg4 9. Bh6 Bxh6 10. Qxh6 10... c6 $10
) ({8:-0.01} 6... Bg4 7. e4 Bxf3 8. gxf3 Nc6 9. O-O-O e5 10. Nb5 exd4 11. Nxd4
$10) 7. e3 Nbd7 8. Be2 Nb6 ({8:-0.34} 8... Nb6 9. d5 Bg4 10. Nd4 Qd7 11. O-O c6
12. Bxg4 12... Qxg4 $14) ({8:-0.22} 8... d5 9. cxd5 Nxd5 10. O-O N7f6 11. Rac1
Qd6 12. Nb5 12... Qd7 $10) 9. b3 d5 10. c5 Nbd7 11. O-O Ne4 12. Nxe4 dxe4 13.
Ne1 h6 ({9:-0.47} 13... h6 14. Bf4 Bf5 15. Qb4 b6 16. c6 e5 17. Bxh6 Bxh6 18.
cxd7 18... exd4 $14) ({9:-0.26} 13... Nxc5 14. Rc1 Na6 15. Qc2 f6 16. Bxa6 bxa6
17. Bf4 Qd5 18. Qxc7 $10) 14. Bf4 Nf6 15. c6 bxc6 16. Rc1 Bd7 17. f3 Rb8 18.
Qa5 Rb7 19. fxe4 Nxe4 20. Ba6 Rb6 21. Bd3 Nf6 22. Qxa7 Nd5 23. Qa5 g5 24. Be5
Bxe5 25. dxe5 Nxe3 26. Rf3 Nd5 27. Rf2 Nf4 28. Be4 Ne6 29. Rd1 Qc8 30. Qc3 Rd8
31. Nd3 Be8 32. Rdf1 Qd7 33. Kh1 Kh8 34. Nc5 Nxc5 35. Qxc5 Rb5 36. Qc3 Qe6 37.
Rf5 Ra8 38. R1f2 Raa5 39. Re2 Rc5 40. Qe1 Ra3 41. Rd2 Ra8 42. Qa1 Rca5 43. Rdf2
Kg8 44. Rc2 Qxb3 45. Qc1 Rxa2 46. Rxg5+ Kf8 47. Rg3 Qe6 48. Rxa2 Rxa2 49. Bf5
Ra1 50. Qxa1 Qxf5 51. Qc1 Qe6 52. Qf4 Bd7 53. Rh3 Kg7 54. Qe3 f5 55. Rg3+ Kf7
56. h3 Bc8 57. Qd4 Bb7 58. Qd8 Qc8 59. e6+ Kf6 60. Qd4+ Kxe6 61. Rg6+ Kf7 62.
Qg7+ Ke8 63. Qg8+ Kd7 64. Qe6+ Kd8 65. Rg8# 1-0

[Event "ICS Rated blitz match"]
[Site "207.99.83.227"]
[Date "1999.03.18"]
[Round "?"]
[White "Chikin"]
[Black "Hossa"]
[Result "0-1"]
[WhiteElo "1995"]
[BlackElo "2407"]
[PlyCount "46"]

1. e4 e5 2. Nf3 Nc6 3. Bb5 a6 4. Ba4 Bc5 5. Bxc6 dxc6 6. d3 Bg4 7. Nc3 Ne7 8.
Be3 Bxe3 9. fxe3 Ng6 10. Qd2 Bxf3 11. gxf3 Qh4+ 12. Qf2 Qxf2+ 13. Kxf2 b5 14.
d4 Rd8 15. Rad1 a5 16. Rhg1 O-O 17. d5 b4 18. Na4 cxd5 19. Rxd5 Rxd5 20. exd5
e4 21. fxe4 Re8 22. Nc5 Ne5 23. Nd3 23... Nd7 {Chikin resigns} 0-1

[Event "ICS Rated blitz match"]
[Site "207.99.83.227"]
[Date "1999.03.18"]
[Round "?"]
[White "Hossa"]
[Black "BabyBach"]
[Result "1-0"]
[WhiteElo "2410"]
[BlackElo "813"]
[PlyCount "49"]

1. e4 e5 2. Nf3 Qf6 3. Bd3 Bc5 4. Nc3 g6 5. Nd5 Qd8 6. Nxe5 Nh6 7. Be2 f6 8.
Nd3 Bd4 9. c3 Bb6 10. Nxb6 axb6 11. Nb4 d6 12. d4 d5 13. Bxh6 Nc6 14. Nxd5 Bf5
15. Bg7 Rg8 16. Nxf6+ Ke7 17. Nxg8+ Ke8 18. exf5 Qd5 19. Nf6+ Kf7 20. fxg6+
Kxg7 21. Nxd5 Kxg6 22. Bd3+ Kg5 23. Qd2+ Kh4 24. Qf4+ Kh5 25. Nf6# {
BabyBach checkmated} 1-0

[Event "ICS Rated blitz match"]
[Site "207.99.83.227"]
[Date "1999.03.18"]
[Round "?"]
[White "Data"]
[Black "Hossa"]
[Result "1-0"]
[WhiteElo "2850"]
[BlackElo "2400"]
[Annotator "Crafty v16.6"]
[PlyCount "78"]

{annotating for player Hossa using a scoring margin of +0.10 pawns. search
time limit is 12.00} 1. e4 1... d6 2. d4 Nf6 3. Nc3 Nbd7 4. f4 e6 5. Bd3 Be7 ({
8:-0.22} 5... Be7 6. e5 dxe5 7. fxe5 Nd5 8. Nxd5 exd5 9. Nf3 Bh4+ 10. g3 10...
Be7 $10) ({8:-0.10} 5... e5 6. dxe5 dxe5 7. Nf3 Bd6 8. Nb5 O-O 9. Nxd6 cxd6 10.
Be3 $10) 6. e5 dxe5 7. fxe5 Nd5 8. Qg4 Kf8 ({8:-0.95} 8... Kf8 9. Nxd5 exd5 10.
Qh5 c5 11. Nf3 Qa5+ 12. Bd2 Qb6 13. O-O-O 13... cxd4 $16) ({8:-0.33} 8... g6 9.
Nxd5 exd5 10. e6 Nf6 11. exf7+ Kxf7 12. Qg5 Re8 13. Bb5 13... Bd7 $14) 9. Nxd5
exd5 10. Qh5 Kg8 ({7:-0.66} 10... Kg8 11. Be3 c5 12. O-O-O cxd4 13. Bxd4 Nc5
14. Bc4 dxc4 15. Bxc5 $14) ({7:-0.48} 10... c5 11. Ne2 cxd4 12. Nxd4 Qb6 13. c3
Bc5 14. Nb5 $14) 11. Be3 c5 12. O-O-O c4 ({8:-0.81} 12... c4 13. Rf1 Qf8 14.
Be2 c3 15. bxc3 Ba3+ 16. Kb1 Qe7 17. Nf3 $16) ({8:-0.54} 12... cxd4 13. Bxd4
Nc5 14. Be2 Ne4 15. Nh3 Qa5 16. Rhf1 16... Be6 $14) 13. Rf1 Qe8 14. e6 Nf6 15.
exf7+ Qxf7 16. Qxf7+ Kxf7 17. Be2 Rf8 18. Bf3 Kg8 19. Bg5 c3 20. Bxf6 Bxf6 21.
Bxd5+ Kh8 22. Nf3 cxb2+ 23. Kxb2 Re8 24. Re1 Rd8 25. c4 g5 26. Rhf1 Rd6 27.
Re8+ Kg7 28. Rg8+ Kh6 29. g4 Rb6+ 30. Kc3 Ra6 31. h4 gxh4 32. g5+ Bxg5 33. Nxg5
Be6 34. Rf6+ Kh5 35. Rxa8 Bxd5 36. Rxa6 Bh1 37. R6xa7 Kxg5 38. d5 Be4 39. d6
Bc6 1-0

[Event "ICS rated blitz match"]
[Site "207.99.83.227"]
[Date "1999.03.18"]
[Round "?"]
[White "Hossa"]
[Black "Speedy"]
[Result "1-0"]
[WhiteElo "2407"]
[BlackElo "2340"]
[PlyCount "63"]

1. e4 c5 2. Bc4 a6 3. Nc3 b5 4. Bxf7+ Kxf7 5. Qh5+ g6 6. Qd5+ e6 7. Qxa8 Nc6 8.
Nf3 Qc7 9. d3 b4 10. Ne2 Be7 11. d4 Bb7 12. Bf4 d6 13. Bxd6 Bxd6 14. Ng5+ Ke7
15. Qf8+ Kxf8 16. Nxe6+ Ke7 17. Nxc7 Bxc7 18. d5 Nd4 19. Nxd4 cxd4 20. O-O Be5
21. f3 g5 22. Rae1 Nf6 23. a3 bxa3 24. bxa3 Rd8 25. Rb1 Rd7 26. Rb6 Bd6 27. e5
Bxe5 28. Re1 Rxd5 29. Rxb7+ Ke6 30. h4 gxh4 31. f4 Kf5 32. fxe5 {Speedy resigns
} 1-0

[Event "ICS rated blitz match"]
[Site "207.99.83.227"]
[Date "1999.03.18"]
[Round "?"]
[White "Hossa"]
[Black "Data"]
[Result "0-1"]
[WhiteElo "2416"]
[BlackElo "2852"]
[Annotator "Crafty v16.6"]
[PlyCount "125"]

{annotating for player Hossa using a scoring margin of +0.10 pawns. search
time limit is 12.00} 1. e4 1... c5 2. Bc4 e6 3. Nc3 Ne7 4. Nf3 Ng6 5. O-O Be7
6. d4 cxd4 7. Qxd4 ({8:+0.20} 7. Qxd4 7... Nc6 8. Qe3 Nge5 9. Nxe5 Nxe5 10. Bb5
O-O 11. Bd2 $10) ({8:+0.42} 7. Nxd4 7... O-O 8. Qh5 Bf6 9. Be3 Ne5 10. Bb5
10... Nbc6 $14) 7... Nc6 8. Qe3 O-O 9. Rd1 Bf6 10. Nb5 Nge5 11. Nxe5 Bxe5 12.
f4 Bb8 13. Nd6 Bc7 14. Qg3 ({7:-0.77} 14. Qg3 14... Bxd6 15. Rxd6 Qb6+ 16. Kf1
Qc5 17. Qd3 Nb4 18. Qd4 Qxd4 19. Rxd4 19... Nxc2 $17) ({7:+0.10} 14. Qf2 14...
Na5 15. Bb5 Bb6 16. Be3 Bxe3 17. Qxe3 17... Qh4 $10) 14... Bxd6 15. Rxd6 Qb6+
16. Qe3 Qb4 17. Qd3 Qe1+ 18. Qf1 Qxe4 19. c3 Qg6 20. Be3 Ne7 21. Qf2 a6 22. Re1
Nf5 23. Bd3 Qh5 24. Bxf5 Qxf5 25. Bd4 Qa5 26. a3 Qc7 27. Be5 Qd8 28. Bd4 Qe7
29. Qg3 f6 30. Bc5 Qf7 31. Rdd1 Re8 32. Bd6 a5 33. Qe3 Ra6 34. Qh3 Rb6 35. Rd2
Rc6 36. Qg4 b6 37. Rdd1 Ba6 38. Kh1 Bc4 39. f5 exf5 40. Qg3 Re4 41. Bf4 d5 42.
Re3 g5 43. Rxe4 fxe4 44. Be3 Qe6 45. Qb8+ Kg7 46. Qd8 a4 47. Rd2 b5 48. Rf2 Rd6
49. Qb8 Rd7 50. Qc8 d4 51. Rd2 d3 52. Bg1 Qf5 53. Bc5 Qf1+ 54. Bg1 Re7 55. Rf2
Qe1 56. Qf5 Re6 57. b3 axb3 58. a4 d2 59. Rxd2 Qxd2 60. Qc5 Bf1 61. Qc7+ Kg6
62. Qg3 b2 63. h4 0-1